Keluarga bahagia : Peraturan nikah dan pembinaan keluarga

Bibliographic Details
Main Author: Miftah Faridl
Format: Book
Published: Batu Caves : Al Baz Publishing & Distributors , 1996
Subjects:

MARC

LEADER 00000cam a2200000 7i4500
001 0000016353
002 000017851
005 20000330.0
020 |a 983931503X 
090 0 0 |a 297.5   |b MIF 
100 0 |a Miftah Faridl   |f Drs 
245 1 0 |a Keluarga bahagia :   |b Peraturan nikah dan pembinaan keluarga   |c Drs. Miftah Faridl 
260 |a Batu Caves :   |b Al Baz Publishing & Distributors ,   |c 1996 
300 |a 141 p. ;   |c 19 cm. 
650 0 0 |a Marriage (Islam) 
650 0 0 |a Marriage (Islamic law) 
999 |a 00062604   |b BUKU   |c PINJAMAN   |e PERPUSTAKAAN KOMUNITI PETALING JAYA